| 000 | 00701nam a2200217 a 4500 | ||
|---|---|---|---|
| 999 |
_c3332 _d3332 |
||
| 001 | 3332 | ||
| 003 | BD-JhCC | ||
| 005 | 20171112194353.0 | ||
| 008 | 171112s1372 bg |||| ||a| 00| 0 en d | ||
| 035 | _a(BD-JhCC)3332 | ||
| 040 |
_aBD-JhCC _dBD-JhCC |
||
| 041 | _aben | ||
| 082 |
_a891.4415 _bSHO 1372 |
||
| 100 | _aশহিদুল্লাহ , রুদ্র মুহাম্মদ | ||
| 245 |
_aদিয়েছিলে সকল আকাশ / _cরুদ্র মুহাম্মদ শহিদুল্লাহ |
||
| 260 |
_aঢাকা : _bমুক্তধারা, _c1372. |
||
| 300 |
_a48 p. : _c20 cm. |
||
| 650 | _aBengali poems | ||
| 942 |
_2ddc _cBK |
||